| 000 | 00436cam a2200181ua 4500 | ||
|---|---|---|---|
| 020 | _c4.00 | ||
| 041 |
_ahin _h |
||
| 082 |
_a891.54 _bSUD/TE |
||
| 100 | _aSudarshan, . | ||
| 245 |
_aTeertha-yatra / _cSudarshan. _hTextual Documents |
||
| 250 |
_a5 / _b. |
||
| 260 |
_aBombay : _bVora and company publishers pvt ltd , _c1961. |
||
| 300 | _a231 ; . | ||
| 365 | _a4.00 | ||
| 504 | _a | ||
| 942 | _cBK | ||
| 999 |
_c8482 _d8482 |
||